00708nam a2200205 i 4500001000400000100002800004245011900032260004900151300002600200490002600226650003200252700001900284830002100303040000800324041001300332044000800345080001000353008004100363856009800404bgj1 aLOEWENSTEIN, Rudolph M.10aPsychoanalyse des Antisemitismus /cRudolph M. Loewenstein ; [aus dem Französichen übersetz von Lothar Baier]. aFrankfurt am Main :bSuhrkamp Verlag,c1967. a173, [1] s. ;c18 cm.1 aEdition Suhrkampv2419 aAntysemityzmxpsychoanaliza1 aBAIER, Lothar. aEdition Suhrkamp cBPK0 agerhfre aGER a159.9 s gw f |000 0 ger  uhttp://koha.tu.koszalin.pl/cgi-bin/koha/opac-detail.pl?biblionumber=50645yKatalog online BPK